000 00319nam a22001337a 4500
020 _a978-8186906231
041 _aENG
100 _aAgarwal.A
245 _aGlobal Environmental Negotiatons 2
260 _aDelhi
_bCentre For Science And Environment
_c1996
300 _a441
650 _aSWCE
856 _uSWCE ( 24 )
999 _c1808
_d1808